Statistics for Post- Vocabulary Words Quiz

Click here to take the quiz!

General Stats

  • This quiz has been taken 23,813 times
    (17,757 since last reset)
  • The average score is 11 of 20

Answer Stats

Definition Word % Correct
Male letter carrierPostman
98%
To put off until laterPostpone
90%
A Masters student, for examplePostgrad
85%
One's backsidePosterior
80%
The straightness of one's backPosture
77%
AutopsyPostmortem
72%
To put a future date on a check, for examplePostdate
59%
This comes after the end of a letterPostscript
58%
After surgeryPostop
54%
The playoffsPostseason
53%
It indicates the time and place of mailingPostmark
50%
For the mother, after birthPostpartum
47%
Academic research or study after a PhdPostdoc
41%
ASAPPosthaste
40%
After sexPostcoital
37%
Film editing done after shooting is completePostproduction
32%
To assume for the sake of argumentPostulate
31%
Related to late 20th century academic theoryPostmodern
30%
After deathPosthumous
25%
Future generationsPosterity
19%

Score Distribution

Percentile by Number Answered

Percent of People with Each Score

Your Score History

You have not taken this quiz since the last reset